English education and the question of Indian nationalism : (Record no. 55269)

MARC details
000 -LEADER
fixed length control field 00891nam a22002297a 4500
005 - DATE AND TIME OF LATEST TRANSACTION
control field 2011081002342.0
008 - FIXED-LENGTH DATA ELEMENTS--GENERAL INFORMATION
fixed length control field 110810t xxu||||| |||| 00| 0 eng d
010 ## - LCCN (DPL NO)
LC control number ENG-103483
020 ## - INTERNATIONAL STANDARD BOOK NUMBER
International Standard Book Number 9788189833640
Terms of availability 375.00
035 ## - SYSTEM CONTROL NUMBER
System control number EN-87016
037 ## - SOURCE OF ACQUISITION
Source of stock number/acquisition DBAD/PUB
040 ## - CATALOGING SOURCE
Original cataloging agency Dpl
Language of cataloging Eng
082 ## - DEWEY DECIMAL CLASSIFICATION NUMBER
Classification number 370.954
100 ## - MAIN ENTRY--PERSONAL NAME
Personal name Dash,Santosh
9 (RLIN) 32442
245 ## - TITLE STATEMENT
Title English education and the question of Indian nationalism :
Statement of responsibility, etc by Santosh Dash
Remainder of title a perspective on the vernacular /
260 ## - PUBLICATION, DISTRIBUTION, ETC. (IMPRINT)
Place of publication, distribution, etc Delhi
Name of publisher, distributor, etc Aakar Books
Date of publication, distribution, etc 2009
270 ## - ADDRESS
Address 28 E, Pocket IV,Mayur Vihar Phase I,
City Delhi
Postal code 110091
300 ## - PHYSICAL DESCRIPTION
Extent 175p.
Dimensions 22cm (Hb)
500 ## - GENERAL NOTE
General note Includes bibliographical references and index
942 ## - ADDED ENTRY ELEMENTS (KOHA)
Source of classification or shelving scheme Dewey Decimal Classification
Item type English Books
Call number suffix DAS
Classification part 370.954
Holdings
Withdrawn status Lost status Source of classification or shelving scheme Damaged status Not for loan Collection code Home library Current library Date acquired Source of acquisition Cost, normal purchase price Total Checkouts Full call number Barcode Date last seen Copy number Cost, replacement price Koha item type
    Dewey Decimal Classification   Not For Loan Non-fiction D.B.Act.Division D.B.Act.Division 11/08/2011 DBAD / PUB 375.00   370.954 DAS EN-87016 11/08/2011 1 375.00 English Books

© Delhi Public Library
Hit Counter
free hit counter